Quite Literally (E-Book) (Record no. 192876)

000 -LEADER
fixed length control field 00933 a2200229 4500
003 - CONTROL NUMBER IDENTIFIER
control field Nust
005 - DATE AND TIME OF LATEST TRANSACTION
control field 20170207154046.0
020 ## - INTERNATIONAL STANDARD BOOK NUMBER
International Standard Book Number 0-415-32019-4 (m)
020 ## - INTERNATIONAL STANDARD BOOK NUMBER
International Standard Book Number 978-0-415-32019-1 (inb.)
035 ## - SYSTEM CONTROL NUMBER
System control number (OCoLC)474398088
035 ## - SYSTEM CONTROL NUMBER
System control number (OCoLC)ocn474398088
040 ## - CATALOGING SOURCE
Transcribing agency Nust
082 ## - DEWEY DECIMAL CLASSIFICATION NUMBER
Classification number 423.1
100 1# - MAIN ENTRY--PERSONAL NAME
Personal name Wynford Hicks
245 10 - TITLE STATEMENT
Title Quite Literally (E-Book)
Remainder of title problem words and how to use them
Statement of responsibility, etc. Wynford Hicks
260 ## - PUBLICATION, DISTRIBUTION, ETC.
Place of publication, distribution, etc. London :
Name of publisher, distributor, etc. Routledge,
Date of publication, distribution, etc. 2004
300 ## - PHYSICAL DESCRIPTION
Extent 251 s.
520 8# - SUMMARY, ETC.
Summary, etc. What's an alibi, a bete noire? Should you split infinitives, end sentences with prepositions, start them with conjunctions? What about four-letter words, euphemisms, foreign words, Americanisms, cliches, slang, jargon? And does the Queen speak the Queen's English? In "Problem Words", Wynford Hicks answers questions like these.
650 #4 - SUBJECT ADDED ENTRY--TOPICAL TERM
Topical term or geographic name entry element English language
General subdivision terms and phrases
650 #4 - SUBJECT ADDED ENTRY--TOPICAL TERM
Topical term or geographic name entry element English language
General subdivision usage
651 ## - SUBJECT ADDED ENTRY--GEOGRAPHIC NAME
Geographic name (E-Book)
942 ## - ADDED ENTRY ELEMENTS (KOHA)
Source of classification or shelving scheme
Koha item type Book
Holdings
Withdrawn status Lost status Source of classification or shelving scheme Damaged status Not for loan Collection code Permanent Location Current Location Date acquired Total Checkouts Full call number Barcode Date last seen Price effective from Koha item type
            Military College of Signals (MCS) Military College of Signals (MCS) 12/12/2016   423.1 HIC MCSEB-2449 12/08/2016 12/12/2016 Book
© 2023 Central Library, National University of Sciences and Technology. All Rights Reserved.